000
00249nam a22000977a 4500
082
_a
508
_b
NOT
_c
D
245
_a
Collecting and Preserving Natural History Objects
526
_a
0
_b
0
_c
0
_d
508_000000000000000_NOT
650
_a
MCE
_9
379
942
_2
ddc
_c
BK
999
_c
552809
_d
552809